[Event "III Duchamp Open 2019"]
[Site "Rio de Janeiro"]
[Date "2019.12.11"]
[Round "6.4"]
[White "Hernandez Guerrero, Gilberto"]
[Black "Cezila Jr, Rubens"]
[Result "1-0"]
[WhiteElo "2554"]
[BlackElo "2191"]
[Annotator "ChessBase"]
[PlyCount "149"]
[EventDate "2019.12.07"]
[EventType "swiss"]
[EventCountry "BRA"]
[SourceTitle "playchess.com"]
[Source "ChessBase"]
[SourceQuality "1"]
[TimeControl "40/5400+30:1800+30"]

1. e4 {[%emt 0:00:00]} e5 {[%emt 0:00:00]} 2. Nf3 {[%emt 0:00:00]} Nc6 {[%emt 0:00:00]} 3. Bb5 {[%emt 0:00:13]} a6 {[%emt 0:00:05]} 4. Ba4 {[%emt 0:00:07]} Nf6 {[%emt 0:00:07]} 5. O-O {[%emt 0:00:24]} Be7 {[%emt 0:00:24]} 6. d3 {[%emt 0:00:30]} b5 {[%emt 0:00:55]} 7. Bb3 {[%emt 0:00:06]} d6 {[%emt 0:00:04]} 8. c3 {[%emt 0:00:05]} O-O {[%emt 0:00:09]} 9. Nbd2 {[%emt 0:00:12]} Na5 {[%emt 0:00:31]} 10. Bc2 {[%emt 0:00:07]} c5 {[%emt 0:00:03]} 11. Re1 {[%emt 0:00:05]} Re8 {[%emt 0:00:47]} 12. Nf1 {[%emt 0:00:19]} Bf8 {[%emt 0:00:39]} 13. Bg5 {[%emt 0:01:39]} h6 {[%emt 0:07:13]} 14. Bh4 {[%emt 0:00:23]} Nc6 {[%emt 0:00:27]} 15. Ne3 {[%emt 0:03:43]} g6 {[%emt 0:09:39]} 16. a4 {[%emt 0:04:36]} Rb8 {[%emt 0:01:22]} 17. axb5 {[%emt 0:05:40]} axb5 {[%emt 0:00:04]} 18. Bb3 {[%emt 0:00:16]} Bg7 {[%emt 0:01:09]} 19. Qc2 {[%emt 0:15:54]} Be6 {[%emt 0:09:36]} 20. Bxf6 {[%emt 0:03:05]} Bxf6 {[%emt 0:03:48]} 21. Ra6 {[%emt 0:01:20]} Qc8 {[%emt 0:03:13]} 22. Rea1 {[%emt 0:02:06]} Bd7 {[%emt 0:04:28]} 23. Nd5 {[%emt 0:05:10]} Bd8 {[%emt 0:00:33]} 24. h3 {[%emt 0:04:35]} Kg7 {[%emt 0:00:22]} 25. Qe2 {[%emt 0:00:12]} Rf8 {[%emt 0:03:15]} 26. Nd2 {[%emt 0:02:08]} Be6 {[%emt 0:03:41]} 27. Ne3 {[%emt 0:01:36]} Bd7 {[%emt 0:00:39]} 28. Nd5 {[%emt 0:01:34]} Be6 {[%emt 0:00:17]} 29. f4 {[%emt 0:07:19]} exf4 {[%emt 0:00:55]} 30. Nxf4 {[%emt 0:00:17]} Bxb3 {[%emt 0:00:04]} 31. Nxb3 {[%emt 0:00:09]} Bf6 {[%emt 0:00:16]} 32. Nd5 {[%emt 0:05:30]} Be5 {[%emt 0:00:32]} 33. Nd2 {[%emt 0:01:30]} b4 {[%emt 0:03:49]} 34. Nc4 {[%emt 0:01:13]} bxc3 {[%emt 0:00:19]} 35. bxc3 {[%emt 0:01:11]} Rb1+ {[%emt 0:00:31]} 36. Rxb1 {[%emt 0:01:35]} Qxa6 {[%emt 0:00:04]} 37. g4 {[%emt 0:10:26]} Qc8 {[%emt 0:08:30]} 38. Rb6 {[%emt 0:03:31]} h5 {[%emt 0:06:47]} 39. Qf2 {[%emt 0:08:39]} f6 {[%emt 0:01:15]} 40. gxh5 {[%emt 0:02:56]} Qxh3 {[%emt 0:03:20]} 41. Rb7+ {[%emt 0:37:55]} Kh8 {[%emt 0:34:40]} 42. hxg6 {[%emt 0:01:42]} Qg4+ {[%emt 0:00:05]} 43. Qg2 {[%emt 0:00:41]} Qd1+ {[%emt 0:00:05]} 44. Kf2 {[%emt 0:00:00]} Qc2+ {[%emt 0:00:00]} 45. Kf3 {[%emt 0:00:00]} Qd1+ {[%emt 0:00:00]} 46. Ke3 {[%emt 0:00:00]} Qe1+ {[%emt 0:00:00]} 47. Qe2 {[%emt 0:00:00]} Qg3+ {[%emt 0:00:00]} 48. Qf3 {[%emt 0:00:00]} Qe1+ {[%emt 0:00:00]} 49. Qe2 {[%emt 0:00:00]} Qg3+ {[%emt 0:00:00]} 50. Kd2 {[%emt 0:00:00]} Qxg6 {[%emt 0:00:00]} 51. Kc2 {[%emt 0:00:00]} Rf7 {[%emt 0:00:00]} 52. Rb6 {[%emt 0:00:00]} Nd8 {[%emt 0:00:00]} 53. Nxd6 {[%emt 0:00:00]} Rh7 {[%emt 0:00:00]} 54. Kb3 {[%emt 0:00:00]} Rh2 {[%emt 0:00:00]} 55. Qf1 {[%emt 0:00:00]} Rh7 {[%emt 0:22:26]} 56. Nc4 {[%emt 0:00:00]} Rb7 {[%emt 0:00:33]} 57. Nxe5 {[%emt 0:00:00]} Rxb6+ {[%emt 0:00:12]} 58. Nxb6 {[%emt 0:00:00]} fxe5 {[%emt 0:00:02]} 59. Qf8+ {[%emt 0:00:00]} Qg8+ {[%emt 0:00:04]} 60. Qxg8+ {[%emt 0:00:00]} Kxg8 {[%emt 0:00:03]} 61. Nd7 {[%emt 0:00:00]} Kf7 {[%emt 0:00:33]} 62. Kc4 {[%emt 0:00:36]} Ke6 {[%emt 0:00:16]} 63. Nxc5+ {[%emt 0:00:06]} Kd6 {[%emt 0:00:03]} 64. Kb5 {[%emt 0:00:14]} Nf7 {[%emt 0:00:15]} 65. Nb7+ {[%emt 0:00:21]} Kc7 {[%emt 0:00:09]} 66. Na5 {[%emt 0:00:09]} Kd6 {[%emt 0:00:02]} 67. Nc4+ {[%emt 0:00:10]} Ke6 {[%emt 0:00:05]} 68. Kc6 {[%emt 0:00:54]} Ng5 {[%emt 0:00:22]} 69. Nd2 {[%emt 0:01:52]} Nf7 {[%emt 0:00:21]} 70. Nb3 {[%emt 0:00:29]} Nd8+ {[%emt 0:00:13]} 71. Kc7 {[%emt 0:00:13]} Ke7 {[%emt 0:00:05]} 72. Nc5 {[%emt 0:00:11]} Nf7 {[%emt 0:00:08]} 73. Kc6 {[%emt 0:00:11]} Ng5 {[%emt 0:00:29]} 74. Kd5 {[%emt 0:00:30]} Nf3 {[%emt 0:00:18]} 75. c4 {[%emt 0:01:03]} 1-0

[Event "III Duchamp Open 2019"]
[Site "Rio de Janeiro"]
[Date "2019.12.11"]
[Round "6.5"]
[White "Rodi, Luis Ernesto"]
[Black "Diamant, Andre"]
[Result "0-1"]
[WhiteElo "2341"]
[BlackElo "2533"]
[Annotator "TA"]
[PlyCount "58"]
[EventDate "2019.12.07"]
[EventType "swiss"]
[EventCountry "BRA"]
[SourceTitle "playchess.com"]
[Source "ChessBase"]
[SourceQuality "1"]

{[%evp 22,93,0,0,-8,0,23,-9,7,7,31,23,28,2,17,-4,0,-15,0,-16,0,-34,-34,-31,-39,-42,-41,-88,-65,-74,-83,-139,0,-146,-116,-375,-389,-387,-396,-401,-401,-408,-406,-408,-391,-374,-399,-424,-419,-425,-495,-484,-427,-412,0,-466,-416,-390,-369,-917,-952,-886,-879,-866,-862,-820,-776,-771,-745,-704,-695,-5065,-5065,-5215]} 1. e4 c5 2. Nf3 d6 3. Bb5+ Nc6 4. O-O Bd7 5. Re1 Nf6 6. c3 a6 7. Bf1 Bg4 8. d3 e6 9. Nbd2 Be7 10. h3 Bh5 11. g4 Bg6 12. Nh4 Nd7 {B51: Sicilian: Moscow Variation (3 Bb5+) without 3...Bd7} 13. Ng2 e5 $146 (13... O-O 14. f4 h6 15. Nf3 Bh7 16. f5 Nde5 17. Nf4 Nxf3+ 18. Qxf3 Bh4 19. Rd1 b5 20. Qe2 {1-0 (65) Caruana,F (2774)-Gelfand,B (2755) Moscow 2013}) 14. Nc4 b5 {The position is equal.} 15. Nce3 Bg5 16. Nd5 {And now Bxg5 would win.} Bxc1 17. Qxc1 h5 18. Qe3 hxg4 19. hxg4 Nf8 20. Qg3 Ne6 21. Nge3 Qg5 22. a4 b4 (22... Qh6 $6 23. Bg2 $16) 23. Nf5 Rd8 (23... Bxf5 $2 24. exf5 Rh4 25. f3 $18) 24. d4 {[#]} bxc3 $1 (24... cxd4 $6 25. cxb4 Nf4 26. Nxf4 $11 (26. Nxg7+ $2 Kf8 $19)) (24... Bxf5 25. exf5 (25. gxf5 Qh6 $14) 25... Qh4 26. Qxh4 $16) 25. bxc3 cxd4 (25... Bxf5 26. exf5 (26. gxf5 Qh6 $11) 26... Qh4 27. Qxh4 $16) 26. Bxa6 {[#]} (26. Bg2 $142) 26... Nf4 (26... Bxf5 27. gxf5 Qh5 28. Qg2 $16) (26... Kf8 $1 $17 {White must now prevent ...Nf4.} 27. Rac1 Bxf5 28. exf5 Ne7 29. fxe6 (29. Nxe7 $2 Nf4 $19) 29... Nxd5 30. cxd4 Nf4) 27. Bf1 ({Don't blunder} 27. Nxg7+ $2 Kf8 $19) (27. Nxf4 $11 exf4 28. Qg2) 27... dxc3 $40 {[%mdl 128] aiming for ...Bxf5. Black goes for the king.} 28. a5 $2 {[%mdl 8192]} (28. Nxf4 $17 exf4 29. Qxc3 Qxg4+ 30. Bg2 Bxf5 31. f3) 28... Bxf5 $19 29. gxf5 {[#]} Qh6 {Played: Nc6-d4} 0-1

[Event "III Duchamp Open 2019"]
[Site "Rio de Janeiro"]
[Date "2019.12.11"]
[Round "6.7"]
[White "Perdomo, Leandro"]
[Black "Carraro, Denise"]
[Result "1-0"]
[WhiteElo "2474"]
[BlackElo "2177"]
[Annotator "RC"]
[PlyCount "47"]
[EventDate "2019.12.07"]
[EventType "swiss"]
[EventCountry "BRA"]
[SourceTitle "playchess.com"]
[Source "ChessBase"]
[SourceQuality "1"]
[TimeControl "40/5400+30:1800+30"]

1. d4 {[%emt 0:00:00]} Nf6 {[%emt 0:00:00]} 2. c4 {[%emt 0:00:00]} e6 {[%emt 0:00:00]} 3. Nc3 {[%emt 0:00:00]} Bb4 {[%emt 0:00:19]} 4. g3 {[%emt 0:01:15]} c5 {[%emt 0:00:16]} 5. Nf3 {[%emt 0:00:02]} cxd4 {[%emt 0:01:01]} 6. Nxd4 {[%emt 0:00:05]} O-O {[%emt 0:00:04]} 7. Bg2 {[%emt 0:00:17]} d5 {[%emt 0:00:28]} 8. Nc2 {[%emt 0:15:37]} Bxc3+ {[%emt 0:04:50]} 9. bxc3 {[%emt 0:00:03]} Qc7 {[%emt 0:07:09]} 10. Ne3 {[%emt 0:03:28]} Rd8 {[%emt 0:08:07]} 11. cxd5 {[%emt 0:08:21]} exd5 {[%emt 0:01:50]} 12. O-O {[%emt 0:01:08]} Be6 {[%emt 0:00:19]} 13. Bb2 {[%emt 0:06:58]} Nc6 {[%emt 0:01:18]} 14. Qa4 {[%emt 0:03:04]} b5 {[%emt 0:05:17]} 15. Qh4 {[%emt 0:06:55]} Rab8 {[%emt 0:06:47]} 16. Rfd1 {[%emt 0:08:11]} Qe5 {[%emt 0:11:52]} 17. Rd2 {[%emt 0:13:47]} Ne4 {[%emt 0:30:29]} 18. c4 {[%emt 0:05:29]} Qc7 {[%emt 0:00:02]} 19. Nxd5 {[%emt 0:13:45]} Bxd5 {[%emt 0:00:34]} 20. Rxd5 {[%emt 0:00:17]} Nd6 {[%emt 0:10:34]} 21. Rc5 {[%emt 0:02:39]} Rb6 {[%emt 0:04:46]} 22. cxb5 {[%emt 0:02:50]} Rxb5 {[%emt 0:03:28]} 23. Rxb5 {[%emt 0:00:49]} Nxb5 {[%emt 0:00:05]} 24. Bxc6 {[%emt 0:00:05]} 1-0

[Event "III Duchamp Open 2019"]
[Site "Rio de Janeiro"]
[Date "2019.12.11"]
[Round "6.8"]
[White "Fernandez, Maria Florencia"]
[Black "Ambartsumova, Karina"]
[Result "1/2-1/2"]
[WhiteElo "2241"]
[BlackElo "2341"]
[Annotator "NA"]
[PlyCount "108"]
[EventDate "2019.12.07"]
[EventType "swiss"]
[EventCountry "BRA"]
[SourceTitle "playchess.com"]
[Source "ChessBase"]
[SourceQuality "1"]
[TimeControl "40/5400+30:1800+30"]

1. d4 {[%emt 0:02:11]} Nf6 {[%emt 0:00:12]} 2. c4 {[%emt 0:00:10]} e6 {[%emt 0:00:45]} 3. Nc3 {[%emt 0:00:14]} d5 {[%emt 0:00:10]} 4. cxd5 {[%emt 0:00:30]} exd5 {[%emt 0:00:12]} 5. Bg5 {[%emt 0:00:05]} c6 {[%emt 0:01:17]} 6. e3 {[%emt 0:00:16]} Be7 {[%emt 0:01:05]} 7. Bd3 {[%emt 0:00:28]} Nbd7 {[%emt 0:03:50]} 8. Qc2 {[%emt 0:00:51]} h6 {[%emt 0:00:15]} 9. Bh4 {[%emt 0:00:14]} Nh5 {[%emt 0:00:26]} 10. Bxe7 {[%emt 0:00:23]} Qxe7 {[%emt 0:00:06]} 11. Nge2 {[%emt 0:01:16]} Nb6 {[%emt 0:07:45]} 12. O-O-O {[%emt 0:02:09]} Bd7 {[%emt 0:02:06]} 13. Kb1 {[%emt 0:01:53]} O-O-O {[%emt 0:01:38]} 14. Na4 {[%emt 0:11:21]} Nxa4 {[%emt 0:04:35]} 15. Qxa4 {[%emt 0:00:06]} Kb8 {[%emt 0:01:55]} 16. Rc1 {[%emt 0:06:49]} Qg5 {[%emt 0:12:51]} 17. Ng3 Nxg3 {[%emt 0:03:45]} 18. hxg3 {[%emt 0:25:41]} c5 {[%emt 0:05:45]} 19. Qa5 {[%emt 0:07:30]} Bf5 {[%emt 0:10:16]} 20. Qc3 {[%emt 0:16:24]} c4 {[%emt 0:09:25]} 21. Bxf5 {[%emt 0:00:05]} Qxf5+ {[%emt 0:00:03]} 22. Rc2 {[%emt 0:00:09]} h5 {[%emt 0:04:12]} 23. Ka1 {[%emt 0:02:19]} Rc8 {[%emt 0:04:13]} 24. Rhc1 {[%emt 0:05:00]} Rc6 {[%emt 0:07:18]} 25. Qe1 {[%emt 0:02:08]} Rhc8 {[%emt 0:05:12]} 26. f3 {[%emt 0:00:20]} Re8 {[%emt 0:01:10]} 27. b3 {[%emt 0:05:08]} Rce6 {[%emt 0:07:39]} 28. bxc4 {[%emt 0:01:23]} Rxe3 {[%emt 0:00:18]} 29. Qb4 {[%emt 0:04:26]} dxc4 {[%emt 0:03:23]} 30. Rxc4 {[%emt 0:00:42]} Qd7 {[%emt 0:00:30]} 31. Rc5 {[%emt 0:01:48]} Rd3 {[%emt 0:02:41]} 32. d5 {[%emt 0:02:18]} Rxd5 {[%emt 0:00:11]} 33. Qf4+ {[%emt 0:00:01]} Ka8 {[%emt 0:00:06]} 34. Rc7 {[%emt 0:01:49]} Qe6 {[%emt 0:00:26]} 35. Rxf7 g5 {[%emt 0:00:54]} 36. Qf6 {[%emt 0:01:15]} Qxf6+ {[%emt 0:00:31]} 37. Rxf6 {[%emt 0:00:01]} Rd2 {[%emt 0:00:41]} 38. Re6 {[%emt 0:00:06]} Red8 {[%emt 0:00:28]} 39. Rg6 {[%emt 0:00:34]} Rxg2 {[%emt 0:00:32]} 40. Rxg5 {[%emt 0:00:04]} a6 {[%emt 0:00:23]} 41. Rf1 {[%emt 0:06:20]} Rdd2 {[%emt 0:03:53]} 42. f4 {[%emt 0:01:09]} Rxa2+ {[%emt 0:02:46]} 43. Kb1 {[%emt 0:00:01]} Rgb2+ {[%emt 0:15:37]} 44. Kc1 {[%emt 0:00:06]} Rc2+ {[%emt 0:00:40]} 45. Kb1 {[%emt 0:00:34]} Rcb2+ {[%emt 0:02:23]} 46. Kc1 {[%emt 0:00:02]} Rg2 {[%emt 0:04:07]} 47. Kb1 {[%emt 0:00:32]} Ra3 {[%emt 0:00:56]} 48. Rxh5 {[%emt 0:04:58]} Raxg3 {[%emt 0:00:35]} 49. Rhh1 {[%emt 0:01:24]} a5 {[%emt 0:02:24]} 50. f5 {[%emt 0:00:07]} Rb3+ {[%emt 0:01:28]} 51. Ka1 {[%emt 0:00:26]} Ra3+ {[%emt 0:00:35]} 52. Kb1 {[%emt 0:00:05]} Rb3+ {[%emt 0:00:42]} 53. Ka1 {[%emt 0:00:04]} Ra3+ {[%emt 0:00:28]} 54. Kb1 {[%emt 0:01:09]} Rb3+ {[%emt 0:00:31] Kb2} 1/2-1/2

[Event "III Duchamp Open 2019"]
[Site "Rio de Janeiro"]
[Date "2019.12.11"]
[Round "6.9"]
[White "Labussiere, Victor"]
[Black "Matsuura, Everaldo"]
[Result "1/2-1/2"]
[WhiteElo "2295"]
[BlackElo "2448"]
[Annotator "NA"]
[PlyCount "71"]
[EventDate "2019.12.07"]
[EventType "swiss"]
[EventCountry "BRA"]
[SourceTitle "playchess.com"]
[Source "ChessBase"]
[SourceQuality "1"]
[TimeControl "40/5400+30:1800+30"]

1. Nf3 {[%emt 0:03:32]} d5 {[%emt 0:00:10]} 2. c4 {[%emt 0:02:12]} d4 {[%emt 0:00:19]} 3. b4 {[%emt 0:01:15]} f6 {[%emt 0:00:16]} 4. Na3 {[%emt 0:04:21]} e5 {[%emt 0:01:41]} 5. Nc2 {[%emt 0:00:15]} c5 {[%emt 0:19:08]} 6. bxc5 {[%emt 0:07:14]} Bxc5 {[%emt 0:00:47]} 7. d3 {[%emt 0:00:17]} Ne7 {[%emt 0:01:04]} 8. g3 {[%emt 0:05:25]} O-O {[%emt 0:05:47]} 9. Bg2 {[%emt 0:01:00]} Nbc6 {[%emt 0:04:39]} 10. O-O {[%emt 0:06:47]} Bg4 {[%emt 0:02:52]} 11. Nd2 {[%emt 0:06:43]} f5 {[%emt 0:01:28]} 12. Rb1 {[%emt 0:15:15]} Rb8 $11 {[%emt 0:01:01]} 13. Rb5 {[%emt 0:02:56]} b6 {[%emt 0:03:20]} 14. Nb3 {[%emt 0:20:08]} Bd6 {[%emt 0:04:20]} 15. Bg5 {[%emt 0:00:54]} Qc7 {[%emt 0:04:06]} 16. Bxe7 {[%emt 0:01:36]} Nxe7 {[%emt 0:04:34]} 17. Nb4 {[%emt 0:00:32]} Bxb4 {[%emt 0:05:45]} 18. Rxb4 {[%emt 0:00:04]} Qd6 {[%emt 0:06:06]} 19. Rb5 {[%emt 0:03:15]} a6 {[%emt 0:12:30]} 20. c5 {[%emt 0:00:55]} bxc5 {[%emt 0:02:09]} 21. Rxc5 {[%emt 0:00:04]} Rfc8 {[%emt 0:00:27]} 22. Rxc8+ {[%emt 0:02:47]} Rxc8 {[%emt 0:00:18]} 23. Qd2 {[%emt 0:00:23]} Nd5 {[%emt 0:01:48]} 24. Bxd5+ {[%emt 0:00:39]} Qxd5 {[%emt 0:00:08]} 25. f3 {[%emt 0:00:14]} Bh5 {[%emt 0:02:19]} 26. Rc1 {[%emt 0:01:51]} Re8 {[%emt 0:02:31]} 27. Rc5 {[%emt 0:05:29]} Qd6 {[%emt 0:00:15]} 28. Qc1 {[%emt 0:00:05]} Bf7 {[%emt 0:01:28]} 29. Rc8 {[%emt 0:00:45]} Qd7 {[%emt 0:04:18]} 30. Rxe8+ {[%emt 0:00:51]} Qxe8 {[%emt 0:00:07]} 31. Qc5 {[%emt 0:02:18]} g6 {[%emt 0:01:41]} 32. Qd6 {[%emt 0:00:55]} Qe6 {[%emt 0:04:35]} 33. Qd8+ {[%emt 0:02:35]} Qe8 {[%emt 0:00:20]} 34. Qd6 {[%emt 0:01:46]} Qe6 {[%emt 0:00:15]} 35. Qd8+ {[%emt 0:01:05]} Qe8 {[%emt 0:00:25]} 36. Qd6 {[%emt 0:01:01]} 1/2-1/2

[Event "III Duchamp Open 2019"]
[Site "Rio de Janeiro"]
[Date "2019.12.11"]
[Round "6.10"]
[White "Abrantes, Tiago Garrido"]
[Black "Zambrana, Oswaldo"]
[Result "0-1"]
[WhiteElo "2159"]
[BlackElo "2445"]
[Annotator "NA"]
[PlyCount "94"]
[EventDate "2019.12.07"]
[EventType "swiss"]
[EventCountry "BRA"]
[SourceTitle "playchess.com"]
[Source "ChessBase"]
[SourceQuality "1"]
[TimeControl "40/5400+30:1800+30"]

1. d4 {[%emt 0:00:00]} Nf6 {[%emt 0:06:02]} 2. c4 {[%emt 0:00:00]} c5 {[%emt 0:00:08]} 3. Nf3 {[%emt 0:00:02]} cxd4 {[%emt 0:04:58]} 4. Nxd4 {[%emt 0:00:10]} e6 {[%emt 0:00:05]} 5. g3 {[%emt 0:00:25]} Qc7 {[%emt 0:00:44]} 6. b3 {[%emt 0:03:22]} Bb4+ {[%emt 0:00:30]} 7. Bd2 {[%emt 0:00:20]} Bc5 {[%emt 0:00:38]} 8. e3 {[%emt 0:24:23]} Qe5 {[%emt 0:09:59]} 9. Nc2 {[%emt 0:16:17]} Ne4 {[%emt 0:05:15]} 10. Bg2 {[%emt 0:01:22]} Nc6 {[%emt 0:11:28]} 11. O-O {[%emt 0:02:33]} Nxd2 {[%emt 0:03:32]} 12. Qxd2 {[%emt 0:00:50]} O-O {[%emt 0:00:34]} 13. Nc3 {[%emt 0:00:21]} Be7 $14 {[%emt 0:04:52]} 14. Rad1 {[%emt 0:06:34]} Rd8 {[%emt 0:01:10]} 15. Nd4 {[%emt 0:04:44]} Nxd4 {[%emt 0:01:47]} 16. exd4 {[%emt 0:02:39]} Qh5 {[%emt 0:08:01]} 17. Qe3 {[%emt 0:02:53]} d6 {[%emt 0:04:18]} 18. Rfe1 {[%emt 0:01:19]} Bf8 {[%emt 0:01:05]} 19. h3 {[%emt 0:02:27]} Qa5 {[%emt 0:02:26]} 20. Kh2 {[%emt 0:06:20]} a6 {[%emt 0:01:01]} 21. Rb1 {[%emt 0:02:19]} g6 {[%emt 0:04:33]} 22. Rec1 {[%emt 0:03:22]} Bg7 {[%emt 0:01:25]} 23. b4 {[%emt 0:01:47]} Qc7 {[%emt 0:04:28]} 24. Ne4 {[%emt 0:03:07]} Bd7 {[%emt 0:06:19]} 25. d5 {[%emt 0:04:20]} Re8 {[%emt 0:04:54]} 26. Qf4 {[%emt 0:01:10]} exd5 {[%emt 0:06:50]} 27. cxd5 {[%emt 0:00:34]} Qb6 {[%emt 0:03:31]} 28. Qxd6 {[%emt 0:01:24]} Qxd6 {[%emt 0:00:07]} 29. Nxd6 {[%emt 0:00:05]} Re2 {[%emt 0:00:11]} 30. Rc7 {[%emt 0:00:15]} Ba4 {[%emt 0:01:02]} 31. Rxb7 {[%emt 0:03:17]} Rxf2 {[%emt 0:00:15]} 32. Ne4 {[%emt 0:01:12]} Rxa2 {[%emt 0:00:24]} 33. Kh1 {[%emt 0:01:37]} Rd8 {[%emt 0:00:28]} 34. Nc5 {[%emt 0:00:24]} Bb5 {[%emt 0:00:44]} 35. Bf1 {[%emt 0:02:24]} Rxd5 {[%emt 0:00:50]} 36. Bxb5 {[%emt 0:00:18]} axb5 {[%emt 0:00:01]} 37. Rxb5 {[%emt 0:02:15]} Bf8 {[%emt 0:00:01]} 38. Rb8 {[%emt 0:00:31]} Rdd2 {[%emt 0:00:13]} 39. Ne4 {[%emt 0:00:19]} Re2 {[%emt 0:00:10]} 40. Nc3 {[%emt 0:01:17]} Rh2+ {[%emt 0:00:09]} 41. Kg1 {[%emt 0:30:00]} Rag2+ {[%emt 0:31:23]} 42. Kf1 {[%emt 0:00:01]} Rxg3 {[%emt 0:00:13]} 43. Ne4 {[%emt 0:01:21]} Rgxh3 {[%emt 0:01:42]} 44. Rd1 {[%emt 0:00:59]} Rh1+ {[%emt 0:00:19]} 45. Kg2 {[%emt 0:00:18]} R3h2+ {[%emt 0:01:49]} 46. Kg3 {[%emt 0:00:01]} Rxd1 {[%emt 0:00:13]} 47. Kxh2 {[%emt 0:00:02]} Kg7 {[%emt 0:00:00]} 0-1

[Event "III Duchamp Open 2019"]
[Site "Rio de Janeiro"]
[Date "2019.12.11"]
[Round "6.11"]
[White "Ribeiro, Matheus Mendes Domin"]
[Black "Von Buelow, Georg"]
[Result "0-1"]
[WhiteElo "2061"]
[BlackElo "2363"]
[Annotator "NA"]
[PlyCount "134"]
[EventDate "2019.12.07"]
[EventType "swiss"]
[EventCountry "BRA"]
[SourceTitle "playchess.com"]
[Source "ChessBase"]
[SourceQuality "1"]
[TimeControl "40/5400+30:1800+30"]

1. c4 {[%emt 0:00:00]} b6 {[%emt 0:01:13]} 2. Nf3 {[%emt 0:00:53]} e6 {[%emt 0:00:40]} 3. g3 {[%emt 0:00:25]} c5 {[%emt 0:00:37]} 4. Bg2 {[%emt 0:00:28]} Bb7 {[%emt 0:00:08]} 5. O-O {[%emt 0:00:26]} Nf6 {[%emt 0:00:32]} 6. Nc3 {[%emt 0:02:08]} Be7 {[%emt 0:02:29]} 7. b3 {[%emt 0:00:55]} d6 {[%emt 0:04:02]} 8. Bb2 {[%emt 0:01:33]} a6 {[%emt 0:01:12]} 9. e3 {[%emt 0:06:56]} O-O {[%emt 0:00:50]} 10. d4 {[%emt 0:00:27]} cxd4 {[%emt 0:03:27]} 11. Nxd4 {[%emt 0:01:54]} Qc7 {[%emt 0:02:32]} 12. Bxb7 {[%emt 0:02:06]} Qxb7 {[%emt 0:00:07]} 13. Qf3 {[%emt 0:00:07]} Ra7 {[%emt 0:02:39]} 14. Rfd1 {[%emt 0:02:14]} Rc8 {[%emt 0:00:48]} 15. Qxb7 {[%emt 0:08:38]} Rxb7 {[%emt 0:00:06]} 16. Kf1 {[%emt 0:04:25]} Nc6 {[%emt 0:09:11]} 17. Nxc6 {[%emt 0:01:00]} Rxc6 {[%emt 0:00:02]} 18. Rac1 {[%emt 0:04:41]} h5 {[%emt 0:06:50]} 19. Ne2 {[%emt 0:04:34]} Kh7 {[%emt 0:02:47]} 20. Nd4 {[%emt 0:02:20]} Rc8 {[%emt 0:00:37]} 21. Ke2 {[%emt 0:02:39]} g5 {[%emt 0:02:34]} 22. h3 {[%emt 0:03:10]} Kg6 {[%emt 0:00:56]} 23. Nf3 {[%emt 0:06:37]} Ne4 {[%emt 0:02:29]} 24. g4 {[%emt 0:01:31]} hxg4 {[%emt 0:00:52]} 25. hxg4 {[%emt 0:00:00]} Rbc7 {[%emt 0:06:46]} 26. Nd4 {[%emt 0:02:59]} Bf6 {[%emt 0:02:35]} 27. f4 {[%emt 0:11:01]} Rh8 {[%emt 0:14:23]} 28. Kf3 {[%emt 0:00:47]} Nc5 {[%emt 0:00:41]} 29. Rh1 {[%emt 0:00:56]} Rcc8 {[%emt 0:01:32]} 30. Rcd1 {[%emt 0:02:26]} e5 {[%emt 0:04:16]} 31. Nf5 {[%emt 0:01:00]} e4+ {[%emt 0:05:54]} 32. Kg3 {[%emt 0:02:09]} Bxb2 {[%emt 0:00:39]} 33. Ne7+ {[%emt 0:01:39]} Kg7 {[%emt 0:00:51]} 34. Nxc8 {[%emt 0:00:37]} Rxc8 {[%emt 0:00:03]} 35. Rxd6 {[%emt 0:01:20]} b5 {[%emt 0:01:26]} 36. cxb5 {[%emt 0:04:34]} axb5 {[%emt 0:00:08]} 37. Rb6 {[%emt 0:00:46]} Ne6 {[%emt 0:01:45]} 38. f5 {[%emt 0:07:20]} Be5+ {[%emt 0:01:21]} 39. Kh3 {[%emt 0:00:06]} Nc7 {[%emt 0:01:02]} 40. Rc6 {[%emt 0:02:08]} Ra8 {[%emt 0:03:16]} 41. Rc2 {[%emt 0:36:50]} Nd5 {[%emt 0:43:05]} 42. Rc5 {[%emt 0:00:00]} Rh8+ {[%emt 0:00:00]} 43. Kg2 {[%emt 0:00:00]} Nxe3+ {[%emt 0:00:00]} 44. Kg1 {[%emt 0:00:00]} Rd8 {[%emt 0:00:00]} 45. Rxe5 {[%emt 0:00:00]} Rd1+ {[%emt 0:00:00]} 46. Kf2 {[%emt 0:00:00]} Nxg4+ {[%emt 0:00:00]} 47. Kg3 {[%emt 0:00:00]} Rxh1 {[%emt 0:00:00]} 48. Kxg4 {[%emt 0:00:00]} Kf6 {[%emt 0:00:00]} 49. Re8 {[%emt 0:00:00]} Rg1+ {[%emt 0:00:00]} 50. Kh3 {[%emt 0:00:00]} Kxf5 {[%emt 0:00:00]} 51. Kh2 {[%emt 0:00:00]} Ra1 {[%emt 0:00:00]} 52. Kg3 {[%emt 0:00:00]} Rxa2 {[%emt 0:00:00]} 53. Rb8 {[%emt 0:00:00]} Ra5 {[%emt 0:00:00]} 54. Rb6 {[%emt 0:00:00]} Ke5 {[%emt 0:00:00]} 55. Kg4 {[%emt 0:00:00]} f5+ {[%emt 0:00:00]} 56. Kxg5 {[%emt 0:00:00]} f4 {[%emt 0:00:00]} 57. b4 {[%emt 0:00:00]} Ra1 {[%emt 0:00:00]} 58. Rxb5+ {[%emt 0:00:00]} Kd4 {[%emt 0:00:00]} 59. Ra5 {[%emt 0:00:00]} Rf1 {[%emt 0:00:00]} 60. Ra2 {[%emt 0:00:00]} f3 {[%emt 0:00:00]} 61. b5 {[%emt 0:00:00]} e3 {[%emt 0:00:00]} 62. b6 {[%emt 0:00:00]} Rb1 {[%emt 0:00:00]} 63. Ra4+ {[%emt 0:00:54]} Kc5 {[%emt 0:00:00]} 64. Re4 {[%emt 0:01:09]} f2 {[%emt 0:00:00]} 65. Rf4 {[%emt 0:00:33]} f1=Q {[%emt 0:00:00]} 66. b7 {[%emt 0:00:08]} Qg2+ {[%emt 0:00:00]} 67. Kh6 {[%emt 0:00:19]} Rh1+ {[%emt 0:00:00]} 0-1